Estudio de factibilidad para la obtención de jarabe de glucosa vía enzimática a partir de yuca

محفوظ في:
التفاصيل البيبلوغرافية
المؤلف الرئيسي: Alvarado Urtecho, Mayra
التنسيق: كتاب
منشور في: San José, Costa Rica 1987
الموضوعات:
الوسوم: إضافة وسم
لا توجد وسوم, كن أول من يضع وسما على هذه التسجيلة!

MARC

LEADER 00000nam a2200000Ia 4500
003 004439
005 20221231144345.0
008 140114s1987 cr a m 000 ||s d
040 |c cru CEDI 
090 |a TFG 2058 
100 |a Alvarado Urtecho, Mayra.  |9 13690 
245 |a Estudio de factibilidad para la obtención de jarabe de glucosa vía enzimática a partir de yuca 
260 |c 1987  |a San José, Costa Rica 
300 |a  156 páginas : ilustraciones  
500 |a  Tesis (licenciatura en ingeniería química)--Universidad de Costa Rica. Facultad de Ingeniería. Escuela de Ingeniería Química 
650 |x YUCA - INDUSTRIA Y COMERCIO   |x GLUCOSA  |9 13691 
942 |c TFG  |2 ddc 
999 |c 20679  |d 20679